000
00327nam a2200133 a 4500
005
20140412111237.0
008
001116s19uu xx 00 eng d
050
_a
M 611
_b
Hu918 19_?
245
_a
Human body.
300
_a
13 p.
440
_a
My Picture Library
650
_a
Human anatomy -- picture books
999
_c
102507
_d
102507